Normal view
MARC view
- General India Travel Guides
Entry Topical Term
001 - CONTROL NUMBER
- control field: 99103
003 - CONTROL NUMBER IDENTIFIER
- control field: NUST
005 - DATE AND TIME OF LATEST TRANSACTION
- control field: 20221004183920.0
008 - FIXED-LENGTH DATA ELEMENTS
- fixed length control field: 221004|| aca||aabn | a|a d
040 ## - CATALOGING SOURCE
- Original cataloging agency: NUST
- Transcribing agency: NUST
150 ## - HEADING--TOPICAL TERM
- Topical term or geographic name entry element: General India Travel Guides
- Form subdivision: Chinese History
- General subdivision: Art History
670 ## - SOURCE DATA FOUND
- Source citation: Work cat.: (NUST): Tucker, Jonathan 99102, The Silk Road:
